Spolu i vedle sebe
| Titel: | Spolu i vedle sebe : české stavy a stavy zemí České koruny na prahu raného novověku / Lenka Bobková, Martin Čapský a kol. |
|---|---|
| Beteiligt: | ; |
| Körperschaft: | |
| Veröffentlicht: | Praha : Casablanca, 2021 |
| Umfang: | 250 Seiten : Illustrationen ; 24 cm |
| Format: | Buch |
| Sprache: | Tschechisch; Deutsch |
| Schriftenreihe/ mehrbändiges Werk: |
Korunní země v dějinách českého státu ; 9 |
| ISBN: | 9788087292556 ; 8087292553 |
| Hinweise zum Inhalt: |
Hinweise zum Inhalt
Hinweise zum Inhalt Hinweise zum Inhalt Buch Bibliographie Cover Register Inhaltsverzeichnis |
alg: 53478314 001A $03004:05-11-25 001B $01999:27-03-26 $t12:28:33.000 001D $03004:24-03-26 001U $0utf8 001X $00 002@ $0Aau 002C $aText $btxt $2rdacontent 002D $aohne Hilfsmittel zu benutzen $bn $2rdamedia 002E $aBand $bnc $2rdacarrier 003@ $0534783147 004A $A978-80-87292-55-6 004A $080-87292-55-3 006C $01349540040 $aOCoLC 007A $0BV048512581 $aBVB 007G $0 009P $uhttps://bvbr.bib-bvb.de:443/F?func=service&doc_library=BVB01&local_base=BVB01&doc_number=033889592&sequence=000001&line_number=0001&func_code=DB_RECORDS&service_type=MEDIA $mDigitalisierung BSB München 19 - ADAM Catalogue Enrichment 009P $uhttps://bvbr.bib-bvb.de:443/F?func=service&doc_library=BVB01&local_base=BVB01&doc_number=033889592&sequence=000003&line_number=0002&func_code=DB_RECORDS&service_type=MEDIA $mDigitalisierung BSB München 19 - ADAM Catalogue Enrichment 009P $uhttps://bvbr.bib-bvb.de:443/F?func=service&doc_library=BVB01&local_base=BVB01&doc_number=033889592&sequence=000005&line_number=0003&func_code=DB_RECORDS&service_type=MEDIA $mDigitalisierung BSB München 19 - ADAM Catalogue Enrichment 009P $qapplication/pdf $A2 $3Buch Bibliographie $uhttp://scans.hebis.de/HEBCGI/show.pl?53478314_bib.pdf $mV:DE-603;B:DE-Mb50 009P $qapplication/pdf $A2 $3Cover $uhttp://scans.hebis.de/HEBCGI/show.pl?53478314_cov.pdf $mV:DE-603;B:DE-Mb50 009P $qapplication/pdf $A2 $3Register $uhttp://scans.hebis.de/HEBCGI/show.pl?53478314_idx.pdf $mV:DE-603;B:DE-Mb50 009P $qapplication/pdf $A2 $3Inhaltsverzeichnis $uhttp://scans.hebis.de/HEBCGI/show.pl?53478314_toc.pdf $mV:DE-603;B:DE-Mb50 010@ $acze $ager 010E $erda 011@ $a2021 $n2021 013D $RWissenschaftliche Literatur $RAufsatzsammlung $#Konferenzbericht $71071861417 $8Konferenzschrift [Tsz] $9359646190 $y2021 $zPrag 021A $aSpolu i vedle sebe $dčeské stavy a stavy zemí České koruny na prahu raného novověku $hLenka Bobková, Martin Čapský a kol. 027A $aBoth apart and side by side : the Bohemian estates and the estates of the lands of the Bohemian Crown on the threshold of the Early Modern Age 028C $7132857189 $8Bobková, Lenka$Z1947- [Tp1] $9185674186 028C $7132016966 $8Čapský, Martin$Z1974- [Tp1] $9180792628 029A $8Kolokvium "Spolu i vedle sebe. České stavy a stavy zemí České koruny na prahu raného novověku"$d2021$cOnline [Tf1] $950045955X 033A $pPraha $nCasablanca 034D $a250 Seiten 034I $a24 cm 034M $aIllustrationen 036E $aKorunní země v dějinách českého státu $l9 037A $aLiteraturverzeichnis Seite 223-245 044K $qBVB $RTschechien $#Böhmische Kronländer $#Länder der Böhmischen Krone $#Sudetenland $#Böhmen $#Mähren $#Mährisch-Schlesien $#Österreichisch-Schlesien $#Tschechische Sozialistische Republik Böhmische Länder $#Tschechei Böhmische Länder $#Země koruny české $74069573-6 $8Böhmische Länder [Tg1] $9085195553 044K $RLandesordnung $74034332-7 $8Landrecht [Ts1] $9085092150 044K $RStand $RStändische Verfassung $#Estates (Social orders) $#Ordres (structure sociale) $74182786-7 $8Stände [Ts1] $9085880639 044K $RAutorität $REinfluss $RGewalt $RHerrschaft $RMachtlosigkeit $#Power (Social sciences) $#Pouvoir (sciences sociales) $#Macht $#Macht $#politische Macht $#Macht $#Machtansatz $#Politische Macht $#Politische Macht $#Soziale Macht $#Sozialer Einfluss Macht $74036824-5 $8Macht [Ts1] $9085099929 045F $a900.9437109024 $eDDC22BSB 045F/01 $a900 045F/03 $f09024 045F/03 $f09031 045F/03 $g4371 045R $aGeschichte 1400-1600 045T $aOST $qDE-12 $2FID 046L $aText tschechisch, teilweise deutsch ; Zusammenfassungen in tschechischer und englischer Sprache ; Englische Zusammenfassung unter dem Titel: Both apart and side by side : the Bohemian estates and the estates of the lands of the Bohemian Crown on the threshold of the Early Modern Age lok: 53478314 24 exp: 53478314 24 1 #EPN 201B/01 $024-03-26 $t11:44:48.000 201C/01 $005-11-25 201U/01 $0utf8 203@/01 $01321481314 208@/01 $a24-03-26 $bz 209A/01 $a25.06206 $du $f050 $h25 06206 $x00 209A/01 $abestcz $x01 209C/01 $a25.06206 K $h25 06206 K 209G/01 $a75095333 $x00 220C/01 $akon 247C/01 $8358050-7Marburg, Bibliothek des Herder-Instituts Marburg $9102600961
| LEADER | 00000cam a2200000 c 4500 | ||
|---|---|---|---|
| 001 | 534783147 | ||
| 003 | DE-603 | ||
| 005 | 20260327122833.0 | ||
| 007 | tu | ||
| 008 | 251105s2021 xx |||| | u10||u|cze c | ||
| 020 | |a 9788087292556 | ||
| 020 | |a 8087292553 | ||
| 035 | |a (DE-599)BVBBV048512581 | ||
| 040 | |a DE-603 |b ger |c DE-603 |d DE-603 |e rda | ||
| 041 | |a cze |a ger | ||
| 082 | 0 | 4 | |8 1\u |a 900.9437109024 |q DE-101 |2 22/BSB |
| 084 | |a OST |q DE-12 |2 fid | ||
| 085 | |8 1\u |b 900 | ||
| 085 | |8 1\u |z 1 |s 09024 | ||
| 085 | |8 1\u |z 1 |s 09031 | ||
| 085 | |8 1\u |z 2 |s 4371 | ||
| 111 | 2 | |a Kolokvium "Spolu i vedle sebe. České stavy a stavy zemí České koruny na prahu raného novověku" |d 2021 |c Online |0 (DE-603)50045955X |0 (DE-588)127031789X |2 gnd | |
| 245 | 0 | 0 | |a Spolu i vedle sebe |b české stavy a stavy zemí České koruny na prahu raného novověku |c Lenka Bobková, Martin Čapský a kol. |
| 246 | 1 | 3 | |a Both apart and side by side : the Bohemian estates and the estates of the lands of the Bohemian Crown on the threshold of the Early Modern Age |
| 264 | 1 | |a Praha |b Casablanca |c 2021 | |
| 300 | |a 250 Seiten |b Illustrationen |c 24 cm | ||
| 336 | |a Text |b txt |2 rdacontent | ||
| 337 | |a ohne Hilfsmittel zu benutzen |b n |2 rdamedia | ||
| 338 | |a Band |b nc |2 rdacarrier | ||
| 490 | 0 | |a Korunní země v dějinách českého státu |v 9 | |
| 500 | |a Literaturverzeichnis Seite 223-245 | ||
| 546 | |a Text tschechisch, teilweise deutsch ; Zusammenfassungen in tschechischer und englischer Sprache ; Englische Zusammenfassung unter dem Titel: Both apart and side by side : the Bohemian estates and the estates of the lands of the Bohemian Crown on the threshold of the Early Modern Age | ||
| 648 | 7 | |a Geschichte 1400-1600 |2 gnd | |
| 650 | 7 | |a Landrecht |0 (DE-588)4034332-7 |0 (DE-603)085092150 |2 gnd | |
| 650 | 7 | |a Stände |0 (DE-588)4182786-7 |0 (DE-603)085880639 |2 gnd | |
| 650 | 7 | |a Macht |0 (DE-588)4036824-5 |0 (DE-603)085099929 |2 gnd | |
| 651 | 7 | |a Böhmische Länder |0 (DE-588)4069573-6 |0 (DE-603)085195553 |2 gnd | |
| 655 | 7 | |a Konferenzschrift |y 2021 |z Prag |2 gnd-content |0 (DE-588)1071861417 |0 (DE-603)359646190 | |
| 700 | 1 | |a Bobková, Lenka |d 1947- |0 (DE-603)185674186 |0 (DE-588)132857189 |2 gnd | |
| 700 | 1 | |a Čapský, Martin |d 1974- |0 (DE-603)180792628 |0 (DE-588)132016966 |2 gnd | |
| 856 | 4 | 2 | |m Digitalisierung BSB München 19 - ADAM Catalogue Enrichment |u https://bvbr.bib-bvb.de:443/F?func=service&doc_library=BVB01&local_base=BVB01&doc_number=033889592&sequence=000001&line_number=0001&func_code=DB_RECORDS&service_type=MEDIA |
| 856 | 4 | 2 | |m Digitalisierung BSB München 19 - ADAM Catalogue Enrichment |u https://bvbr.bib-bvb.de:443/F?func=service&doc_library=BVB01&local_base=BVB01&doc_number=033889592&sequence=000003&line_number=0002&func_code=DB_RECORDS&service_type=MEDIA |
| 856 | 4 | 2 | |m Digitalisierung BSB München 19 - ADAM Catalogue Enrichment |u https://bvbr.bib-bvb.de:443/F?func=service&doc_library=BVB01&local_base=BVB01&doc_number=033889592&sequence=000005&line_number=0003&func_code=DB_RECORDS&service_type=MEDIA |
| 856 | 4 | 2 | |m V:DE-603;B:DE-Mb50 |q application/pdf |u http://scans.hebis.de/HEBCGI/show.pl?53478314_bib.pdf |3 Buch Bibliographie |
| 856 | 4 | 2 | |m V:DE-603;B:DE-Mb50 |q application/pdf |u http://scans.hebis.de/HEBCGI/show.pl?53478314_cov.pdf |3 Cover |
| 856 | 4 | 2 | |m V:DE-603;B:DE-Mb50 |q application/pdf |u http://scans.hebis.de/HEBCGI/show.pl?53478314_idx.pdf |3 Register |
| 856 | 4 | 2 | |m V:DE-603;B:DE-Mb50 |q application/pdf |u http://scans.hebis.de/HEBCGI/show.pl?53478314_toc.pdf |3 Inhaltsverzeichnis |
| 924 | 0 | |9 Mb 50 |a (DE-603)1321481314 |b DE-Mb50 |c HES |d c |g 25.06206 | |


